[Event "Hamburg Robinow op"]
[Site "Hamburg"]
[Date "2005.10.09"]
[Round "9"]
[White "Knop, Hauke"]
[Black "Warnke, Klaus"]
[Result "1-0"]
[WhiteElo "2024"]
[BlackElo "1625"]
[PlyCount "87"]
[EventDate "2005.10.01"]
[EventType "swiss"]
[EventRounds "9"]
[EventCountry "GER"]
[SourceTitle "CBM 108 Extra"]
[Source "ChessBase"]
[SourceDate "2005.11.04"]
[SourceVersion "1"]
[SourceVersionDate "2005.11.04"]
[SourceQuality "1"]

1. e4 c5 2. Nf3 e6 3. d4 cxd4 4. Nxd4 Nc6 5. Nb5 d6 6. c4 a6 7. N5a3 Be7 8. Be2 Bf6 9. Nc2 Nge7 10. Nc3 0-0 11. 0-0 Qc7 12. g4 g6 13. f4 b6 14. Rf3 Bg7 15. Qe1 Nd4 16. Nxd4 Bxd4+ 17. Kf1 f5 18. exf5 exf5 19. g5 Bb7 20. Rd3 Qxc4 21. b3 Bxc3 22. bxc4 Bxe1 23. Kxe1 Rad8 24. Ba3 Nc8 25. Rad1 Rf7 26. Bxd6 Rfd7 27. Bb4 Rxd3 28. Rxd3 Rxd3 29. Bxd3 Kf7 30. Kd2 Ke6 31. Ke3 Nd6 32. Bxd6 Kxd6 33. Kd4 a5 34. a3 Bc6 35. h4 Bd7 36. Be2 Bc6 37. h5 Ke6 38. h6 Kd6 39. Bd1 Ke6 40. Bc2 Kd6 41. Bxf5 Be8 42. Be4 Bd7 43. f5 gxf5 44. g6 1-0

[Event "Hamburg Robinow op"]
[Site "Hamburg"]
[Date "2005.10.07"]
[Round "7"]
[White "Reder, Frank"]
[Black "Warnke, Klaus"]
[Result "1/2-1/2"]
[WhiteElo "1734"]
[BlackElo "1625"]
[PlyCount "58"]
[EventDate "2005.10.01"]
[EventType "swiss"]
[EventRounds "9"]
[EventCountry "GER"]
[SourceTitle "CBM 108 Extra"]
[Source "ChessBase"]
[SourceDate "2005.11.04"]
[SourceVersion "1"]
[SourceVersionDate "2005.11.04"]
[SourceQuality "1"]

1. d4 d5 2. Nf3 Nf6 3. Bf4 Bf5 4. e3 e6 5. a3 c5 6. c4 Qa5+ 7. Nc3 Nc6 8. dxc5 dxc4 9. Bxc4 Qxc5 10. Qe2 a6 11. 0-0 Be7 12. Rac1 0-0 13. b4 Qa7 14. h3 h6 15. Rfd1 Rac8 16. Bd3 Rfd8 17. Bxf5 exf5 18. Rxd8+ Rxd8 19. Rd1 Qa8 20. Qc2 Rxd1+ 21. Qxd1 Qc8 22. Nd5 Qd8 23. Nxe7+ Qxe7 24. Qd3 Ne4 25. Qd5 g5 26. Bh2 g4 27. hxg4 fxg4 28. Ne5 Nc3 29. Nxc6 Nxd5 1/2-1/2

[Event "Hamburg Robinow op"]
[Site "Hamburg"]
[Date "2005.10.02"]
[Round "2"]
[White "Stellfeld, Tilman"]
[Black "Warnke, Klaus"]
[Result "0-1"]
[WhiteElo "1460"]
[BlackElo "1625"]
[PlyCount "56"]
[EventDate "2005.10.01"]
[EventType "swiss"]
[EventRounds "9"]
[EventCountry "GER"]
[SourceTitle "CBM 108 Extra"]
[Source "ChessBase"]
[SourceDate "2005.11.04"]
[SourceVersion "1"]
[SourceVersionDate "2005.11.04"]
[SourceQuality "1"]

1. e4 c5 2. Nf3 e6 3. d4 cxd4 4. Nxd4 Nc6 5. Nc3 d6 6. Be3 Be7 7. Bd3 a6 8. Qe2 Nf6 9. 0-0 0-0 10. f4 Qc7 11. Rf3 Nxd4 12. Bxd4 e5 13. fxe5 dxe5 14. Be3 Bg4 15. Raf1 Bc5 16. Qe1 Bxf3 17. Rxf3 Bxe3+ 18. Rxe3 Qb6 19. Qg3 Rad8 20. h3 Nh5 21. Qf2 Nf4 22. Nd5 Nxd5 23. exd5 Rxd5 24. Kh2 Rd6 25. Qf5 g6 26. Qxe5 Re6 27. Qxe6 fxe6 28. Re2 Qd6+ 0-1